México en España (Record no. 216)

MARC details
000 -CABECERA
campo de control de longitud fija 00835nam a2200217 a 4500
001 - NÚMERO DE CONTROL
campo de control BRCA_269
005 - FECHA Y HORA DE LA ÚLTIMA TRANSACCIÓN
campo de control 20190320202936.0
008 - DATOS DE LONGITUD FIJA--INFORMACIÓN GENERAL
campo de control de longitud fija 290508s1977----mx-a---###---#000-0#spa-#
050 #4 - SIGNATURA TOPOGRÁFICA DE LA BIBLIOTECA DEL CONGRESO
Número de clasificación N6555
Número de documento/Ítem .M49 1977
245 10 - MENCIÓN DE TÍTULO
Título México en España
Resto del título imagen de su arte
Mención de responsabilidad, etc. [introducción Octavio Paz].
260 ## - PUBLICACIÓN, DISTRIBUCIÓN, ETC.
Lugar de publicación, distribución, etc. Ciudad de México
Nombre del editor, distribuidor, etc. Presidencia de la República
Fecha de publicación, distribución, etc. 1977
300 ## - DESCRIPCIÓN FÍSICA
Extensión 95 p.
Otras características físicas il., fotografías
Dimensiones 27 cm.
500 ## - NOTA GENERAL
Nota general Catálogo de la exposición realizada en el Museo Español de Arte Contemporáneo (Madrid), octubre 1977
500 ## - NOTA GENERAL
Nota general Incluye piezas de la colección Franz Mayer: p. 36-38, 40, 43 y 68
650 14 - PUNTO DE ACCESO ADICIONAL DE MATERIA--TÉRMINO DE MATERIA
Término de materia o nombre geográfico como elemento de entrada Arte
Subdivisión general Historia
Subdivisión geográfica México
9 (RLIN) 898
650 14 - PUNTO DE ACCESO ADICIONAL DE MATERIA--TÉRMINO DE MATERIA
Término de materia o nombre geográfico como elemento de entrada Arte prehispánico
Subdivisión geográfica México
9 (RLIN) 899
650 14 - PUNTO DE ACCESO ADICIONAL DE MATERIA--TÉRMINO DE MATERIA
Término de materia o nombre geográfico como elemento de entrada Arte colonial
Subdivisión geográfica México
9 (RLIN) 900
650 14 - PUNTO DE ACCESO ADICIONAL DE MATERIA--TÉRMINO DE MATERIA
Término de materia o nombre geográfico como elemento de entrada Arte
Subdivisión cronológica Siglo XIX
Subdivisión geográfica México
9 (RLIN) 901
700 1# - PUNTO DE ACCESO ADICIONAL--NOMBRE DE PERSONA
Nombre de persona Paz, Octavio
9 (RLIN) 902
942 ## - ELEMENTOS DE PUNTO DE ACCESO ADICIONAL (KOHA)
Fuente del sistema de clasificación o colocación Library of Congress Classification
Tipo de ítem Koha Libros
Holdings
Estado de retiro Estado de pérdida Estado dañado No para préstamo Localización permanente Ubicación/localización actual Fecha de adquisición Total de préstamos Signatura topográfica completa Código de barras Fecha visto por última vez Precio válido a partir de Tipo de ítem Koha
El ejemplar forma parte de la colección y puede ser consultado según las políticas vigentes.       Biblioteca del Museo Franz Mayer (Rogerio Casas-Alatriste) Biblioteca del Museo Franz Mayer (Rogerio Casas-Alatriste) 25/06/2008   N6555 .M49 1977 00327 22/03/2019 22/03/2019 Libros